书目信息 |
| 题名: |
数字图像处理
|
|
| 作者: | 冈萨雷斯 , Gonzalez , Woods , Eddins 著 | |
| 分册: | ||
| 出版信息: | 北京 电子工业出版社 2004.05 |
|
| 页数: | 609页 | |
| 开本: | 24cm | |
| 丛书名: | 国外电子与通信教材系列 | |
| 单 册: | ||
| 中图分类: | TP391.41 | |
| 科图分类: | ||
| 主题词: | 数字图像处理--计算机辅助计算--软件包, MATLAB--教材--英文 , 数字图像处理 , 计算机辅助计算 | |
| 电子资源: | ||
| ISBN: | 7-5053-9876-8 | |
| 000 | 01127nam2 2200325 45 | |
| 001 | 012004000000 | |
| 005 | 20050107151151.04 | |
| 010 | @a7-5053-9876-8@dCNY 59.00 | |
| 100 | @a20041215d2004 em y0chiy0121 ea | |
| 101 | 0 | @aeng |
| 102 | @aCN@b110000 | |
| 105 | @aak z 001yy | |
| 200 | 1 | @a数字图像处理@Ashu zi tu xiang chu li@eMATLAB版@e英文版@dDigital image processing using MATLAB@f(美)冈萨雷斯(Gonzalez, R. C.), (美)Richard E. Woods, (美)Steven L. Eddins著@zeng |
| 210 | @a北京@c电子工业出版社@d2004.05 | |
| 215 | @a609页@c图, 表格@d24cm | |
| 225 | 2 | @a国外电子与通信教材系列 |
| 320 | @a本书附附录和索引 | |
| 410 | 0 | @12001 @a国外电子与通信教材系列 |
| 510 | @aDigital image processing using MATLAB@zeng | |
| 606 | 0 | @a数字图像处理@x计算机辅助计算@j软件包, MATLAB@j教材@x英文 |
| 606 | 0 | @a数字图像处理 |
| 606 | 0 | @a计算机辅助计算 |
| 610 | 1 | @aMATLAB |
| 690 | @aTP391.41@v4 | |
| 701 | 1 | @a冈萨雷斯@Agang sa lei si@bR. C.@4著 |
| 701 | A1 | @aGonzalez@bR. C.@4著 |
| 701 | A1 | @aWoods@bRichard E.@4著 |
| 701 | A1 | @aEddins@bSteven L.@4著 |
| 801 | 0 | @aCN@bQSSKz@c20050107 |
| 905 | @a10447@dTP391.41@eG082 | |
| 数字图像处理:MATLAB版:英文版=Digital image processing using MATLAB/(美)冈萨雷斯(Gonzalez, R. C.), (美)Richard E. Woods, (美)Steven L. Eddins著.-北京:电子工业出版社,2004.05 |
| 609页:图, 表格;24cm.-(国外电子与通信教材系列) |
| ←并列题名:Digital image processing using MATLAB |
| ISBN 7-5053-9876-8:CNY 59.00 |
| ● |
| 相关链接 |
|
|
|
正题名:数字图像处理
索取号:TP391.41/G082
 
预约/预借
| 序号 | 登录号 | 条形码 | 馆藏地/架位号 | 状态 | 备注 |
| 1 | 435266 | 204352663 | 期刊室512/504自科库 3排4列5层/ [索取号:TP391.41/G082] | 在馆 | |
| 2 | 435267 | 204352672 | 自科库301/301自科库 96排1列1层/ [索取号:TP391.41/G082] | 在馆 | |
| 3 | 435268 | 204352681 | 自科库301/301自科库 96排1列1层/ [索取号:TP391.41/G082] | 在馆 |